[Event "Moron Panno Masters 2nd"]
[Site "Moron"]
[Date "2013.05.13"]
[Round "2"]
[White "Rodriguez Vila, Andres"]
[Black "Barbosa, Evandro Amorim"]
[Result "0-1"]
[WhiteElo "2490"]
[BlackElo "2441"]
[PlyCount "84"]
[EventDate "2013.05.12"]
[EventType "tourn"]
[EventRounds "9"]
[EventCountry "ARG"]
[EventCategory "8"]
[SourceTitle "CBM 154 Extra"]
[Source "ChessBase"]
[SourceDate "2013.06.25"]
[SourceVersion "2"]
[SourceVersionDate "2013.06.25"]
[SourceQuality "1"]

1. e4 c5 2. Nc3 Nc6 3. g3 g6 4. d3 Bg7 5. Bg2 d6 6. f4 e6 7. Nf3 Nge7 8. O-O
O-O 9. Bd2 b6 10. Rb1 Bb7 11. a3 Rc8 12. Ne2 d5 13. e5 f6 14. Bh3 Qd7 15. exf6
Bxf6 16. b4 Nf5 17. c3 cxb4 18. axb4 b5 19. d4 a5 20. bxa5 Nxa5 21. Nc1 Nd6 22.
Qe2 Rce8 23. Nd3 Ne4 24. Nfe5 Qc7 25. Be1 Nc4 26. Rxb5 Ba6 27. Rb4 Nxe5 28.
fxe5 Bg7 29. Qe3 Nxc3 30. Rxf8+ Bxf8 31. Nc5 Ne2+ 32. Kh1 Bxc5 33. dxc5 d4 34.
Qf3 d3 35. Kg2 Qxe5 36. Qc6 Re7 37. Qd6 Bb7+ 38. Rxb7 Qe4+ 39. Kf2 Rxb7 40.
Bxe6+ Kg7 41. c6 Nd4 42. Bg4 Rb2+ 0-1

[Event "Moron Panno Masters 2nd"]
[Site "Moron"]
[Date "2013.05.14"]
[Round "3"]
[White "Barbosa, Evandro Amorim"]
[Black "Salinas Herrera, Pablo Patricio"]
[Result "1-0"]
[WhiteElo "2441"]
[BlackElo "2396"]
[PlyCount "65"]
[EventDate "2013.05.12"]
[EventType "tourn"]
[EventRounds "9"]
[EventCountry "ARG"]
[EventCategory "8"]
[SourceTitle "CBM 154 Extra"]
[Source "ChessBase"]
[SourceDate "2013.06.25"]
[SourceVersion "2"]
[SourceVersionDate "2013.06.25"]
[SourceQuality "1"]

1. e4 c5 2. Nf3 d6 3. Bb5+ Nd7 4. d4 Ngf6 5. O-O cxd4 6. Qxd4 e5 7. Qd3 h6 8.
c4 Be7 9. Nc3 O-O 10. Bxd7 Bxd7 11. Rd1 Be6 12. b3 a6 13. a4 Rc8 14. Ba3 Qa5
15. Ne1 Rfe8 16. Nc2 Nd7 17. Bb4 Qb6 18. a5 Qa7 19. Bxd6 Nc5 20. Qe3 Bg5 21.
Bxc5 Rxc5 22. Qe1 Be7 23. Na4 Rc7 24. Ne3 Bf8 25. Nd5 Rc6 26. Rac1 Qb8 27. b4
Rd6 28. Nab6 Qd8 29. c5 Rc6 30. Nc4 Qg5 31. Qe3 Qh5 32. Qg3 Kh8 33. Nxe5 1-0

[Event "Moron Panno Masters 2nd"]
[Site "Moron"]
[Date "2013.05.17"]
[Round "6"]
[White "Barbosa, Evandro Amorim"]
[Black "Molina, Roberto Junio Brito"]
[Result "1/2-1/2"]
[WhiteElo "2441"]
[BlackElo "2399"]
[PlyCount "54"]
[EventDate "2013.05.12"]
[EventType "tourn"]
[EventRounds "9"]
[EventCountry "ARG"]
[EventCategory "8"]
[SourceTitle "CBM 154 Extra"]
[Source "ChessBase"]
[SourceDate "2013.06.25"]
[SourceVersion "2"]
[SourceVersionDate "2013.06.25"]
[SourceQuality "1"]

1. e4 c6 2. d4 d5 3. Nc3 dxe4 4. Nxe4 Nd7 5. Ng5 Ngf6 6. Bd3 e6 7. N1f3 Bd6 8.
Qe2 h6 9. Ne4 Nxe4 10. Qxe4 Qc7 11. O-O b6 12. Qg4 Kf8 13. b3 Bb7 14. Bb2 Nf6
15. Qh4 c5 16. dxc5 Qxc5 17. Bxf6 gxf6 18. Qxf6 Qh5 19. Be2 Bxf3 20. h3 Qe5 21.
Qxe5 Bxe5 22. Bxf3 Bxa1 23. Bxa8 Bc3 24. Rd1 Ke7 25. Bf3 Rd8 26. Rxd8 Kxd8 27.
Kf1 Ke7 1/2-1/2

[Event "Moron Panno Masters 2nd"]
[Site "Moron"]
[Date "2013.05.22"]
[Round "9"]
[White "Ricardi, Pablo"]
[Black "Barbosa, Evandro Amorim"]
[Result "1/2-1/2"]
[WhiteElo "2481"]
[BlackElo "2441"]
[PlyCount "91"]
[EventDate "2013.05.12"]
[EventType "tourn"]
[EventRounds "9"]
[EventCountry "ARG"]
[EventCategory "8"]
[SourceTitle "CBM 154 Extra"]
[Source "ChessBase"]
[SourceDate "2013.06.25"]
[SourceVersion "2"]
[SourceVersionDate "2013.06.25"]
[SourceQuality "1"]

1. d4 Nf6 2. c4 g6 3. Nf3 Bg7 4. g3 d5 5. cxd5 Nxd5 6. Bg2 Nb6 7. O-O Nc6 8. e3
e5 9. Nxe5 Nxe5 10. dxe5 Qxd1 11. Rxd1 Bxe5 12. Nc3 c6 13. a4 a5 14. e4 Be6 15.
f4 Bxc3 16. bxc3 Bb3 17. Re1 Nxa4 18. Rb1 Bc4 19. Rxb7 O-O 20. e5 Rfc8 21. Bd2
Nc5 22. Rb6 Nb3 23. Be3 Ra6 24. Rxa6 Bxa6 25. Bh3 Ra8 26. Bd7 Bc4 27. Bxc6 Rd8
28. Ba4 Rd3 29. g4 Rxc3 30. f5 Rd3 31. Kf2 Rd5 32. Bh6 Nc5 33. Bc2 Rd8 34. Ra1
a4 35. Be3 Bb3 36. Bxc5 Bxc2 37. f6 h6 38. h4 Rd1 39. Ra2 Bb3 40. Rb2 Rd5 41.
Bd6 Ra5 42. Ke3 Ra8 43. Ba3 Re8 44. Ke4 Rc8 45. Rd2 Rc4+ 46. Rd4 1/2-1/2

[Event "Sao Bento do Sul op"]
[Site "Sao Bento do Sul"]
[Date "2013.06.28"]
[Round "2"]
[White "Barbosa, Evandro Amorim"]
[Black "Maiberg, Wellington Gubiani"]
[Result "1-0"]
[WhiteElo "2435"]
[BlackElo "1919"]
[PlyCount "39"]
[EventDate "2013.06.28"]
[EventType "swiss"]
[EventRounds "6"]
[EventCountry "BRA"]
[SourceTitle "EXT 2014"]
[Source "ChessBase"]
[SourceDate "2013.11.20"]
[SourceVersion "1"]
[SourceVersionDate "2013.11.20"]
[SourceQuality "1"]

1. e4 c5 2. Nf3 d6 3. Bb5+ Bd7 4. Bxd7+ Nxd7 5. O-O Ngf6 6. Qe2 e6 7. d4 cxd4
8. Nxd4 Be7 9. c4 O-O 10. Nc3 Qc7 11. b3 a6 12. Bb2 Rfd8 13. Rad1 Nb6 14. Rd3
Nfd7 15. Rg3 Bf6 16. Re1 Nf8 17. Qh5 Nbd7 18. Nf5 Ne5 19. Ne3 Qa5 20. Ng4 1-0

[Event "Sao Bento do Sul op"]
[Site "Sao Bento do Sul"]
[Date "2013.06.29"]
[Round "3"]
[White "Rezende, Guilherme Vilela"]
[Black "Barbosa, Evandro Amorim"]
[Result "0-1"]
[WhiteElo "2039"]
[BlackElo "2435"]
[PlyCount "79"]
[EventDate "2013.06.28"]
[EventType "swiss"]
[EventRounds "6"]
[EventCountry "BRA"]
[SourceTitle "EXT 2014"]
[Source "ChessBase"]
[SourceDate "2013.11.20"]
[SourceVersion "1"]
[SourceVersionDate "2013.11.20"]
[SourceQuality "1"]

1. d4 e6 2. c4 Bb4+ 3. Bd2 Bxd2+ 4. Qxd2 f5 5. g3 Nf6 6. Nc3 O-O 7. Bg2 d5 8.
Nf3 c6 9. Ne5 Nbd7 10. cxd5 exd5 11. f4 Nxe5 12. dxe5 Ne4 13. Bxe4 fxe4 14.
O-O-O Bh3 15. Rhg1 Qc8 16. Kb1 Qf5 17. e3 Rad8 18. Qd4 a6 19. Qb6 Bg4 20. Rd2
Qh5 21. h4 Bc8 22. Qd4 Qf3 23. Na4 Rde8 24. Nb6 Bh3 25. a4 Re6 26. Rh2 Bf5 27.
Qd2 Rg6 28. Qf2 a5 29. h5 Rh6 30. Qd2 Rxh5 31. Rf2 Rh1 32. Rxh1 Qxh1+ 33. Ka2
Be6 34. Kb3 Qg1 35. Rg2 Qf1 36. Rf2 Qh3 37. Rg2 h6 38. Ka3 Rd8 39. Rg1 Kh7 40.
Nc4 0-1

[Event "Sao Bento do Sul op"]
[Site "Sao Bento do Sul"]
[Date "2013.06.29"]
[Round "4"]
[White "Barbosa, Evandro Amorim"]
[Black "Mafra, Kaiser Luiz"]
[Result "1-0"]
[WhiteElo "2435"]
[BlackElo "2138"]
[PlyCount "75"]
[EventDate "2013.06.28"]
[EventType "swiss"]
[EventRounds "6"]
[EventCountry "BRA"]
[SourceTitle "EXT 2014"]
[Source "ChessBase"]
[SourceDate "2013.11.20"]
[SourceVersion "1"]
[SourceVersionDate "2013.11.20"]
[SourceQuality "1"]

1. e4 c5 2. Nf3 d6 3. Bb5+ Nc6 4. O-O Bd7 5. Re1 Nf6 6. c3 a6 7. Bf1 e5 8. d4
Be7 9. d5 Nb8 10. h3 O-O 11. Nxe5 dxe5 12. d6 Re8 13. dxe7 Qxe7 14. Nd2 Rd8 15.
Qf3 Bb5 16. Nc4 Qe6 17. b3 Nbd7 18. Bg5 h6 19. Bh4 g5 20. Bg3 h5 21. Rad1 Kg7
22. Rd6 Bxc4 23. Rxe6 Bxe6 24. Rd1 g4 25. Qe3 Nh7 26. hxg4 hxg4 27. Bc4 Ndf8
28. Rxd8 Rxd8 29. Bxe6 Nxe6 30. Bxe5+ f6 31. Bg3 Kf7 32. Qh6 Rd1+ 33. Kh2 Nhg5
34. Qh5+ Ke7 35. Qxg4 Rd2 36. Qf5 Ng7 37. Qg6 N7e6 38. e5 1-0

[Event "Sao Bento do Sul op"]
[Site "Sao Bento do Sul"]
[Date "2013.06.30"]
[Round "5"]
[White "Rodrigues, Edgar"]
[Black "Barbosa, Evandro Amorim"]
[Result "0-1"]
[WhiteElo "2225"]
[BlackElo "2435"]
[PlyCount "82"]
[EventDate "2013.06.28"]
[EventType "swiss"]
[EventRounds "6"]
[EventCountry "BRA"]
[SourceTitle "EXT 2014"]
[Source "ChessBase"]
[SourceDate "2013.11.20"]
[SourceVersion "1"]
[SourceVersionDate "2013.11.20"]
[SourceQuality "1"]

1. e4 e6 2. d4 d5 3. Nc3 Nf6 4. e5 Nfd7 5. f4 c5 6. Nf3 Nc6 7. Be3 Be7 8. Qd2
O-O 9. dxc5 Bxc5 10. O-O-O Qa5 11. Bxc5 Nxc5 12. Kb1 Bd7 13. f5 exf5 14. Nxd5
Qxd2 15. Rxd2 Rae8 16. Nc7 Rc8 17. Nb5 Rfd8 18. Nd6 Ne4 19. Rd1 Be6 20. Bc4
Rxd6 21. exd6 Bxc4 22. Rhe1 Rd8 23. Nd4 Be6 24. Nb5 g6 25. Kc1 Kg7 26. b3 Kf6
27. c4 a6 28. Nc7 Nxd6 29. Rxd6 Rxd6 30. Ne8+ Ke7 31. Nxd6 Kxd6 32. Kd2 g5 33.
Kc3 f4 34. a3 Ne5 35. Kd4 Ng4 36. h3 Ne3 37. Re2 Nf5+ 38. Kc3 Bd7 39. Rd2+ Ke6
40. Kb4 Bc6 41. Kc5 Nh4 0-1

[Event "Ribeira Valley op 9th"]
[Site "Registro"]
[Date "2013.07.30"]
[Round "1"]
[White "Barbosa, Evandro Amorim"]
[Black "Yanaguihara, Vitor Kioshi"]
[Result "1-0"]
[WhiteElo "2441"]
[BlackElo "1746"]
[PlyCount "35"]
[EventDate "2013.07.30"]
[EventType "swiss"]
[EventRounds "9"]
[EventCountry "BRA"]
[SourceTitle "CBM 155 Extra"]
[Source "ChessBase"]
[SourceDate "2013.08.26"]
[SourceVersion "1"]
[SourceVersionDate "2013.08.26"]
[SourceQuality "1"]

1. e4 c5 2. Nf3 d6 3. d4 cxd4 4. Nxd4 Nf6 5. Nc3 g6 6. Be3 Bg7 7. f3 Nc6 8. Qd2
O-O 9. Bc4 Bd7 10. O-O-O Rc8 11. Bb3 a6 12. h4 b5 13. g4 h6 14. h5 gxh5 15.
Bxh6 Nxd4 16. Bxg7 Nxb3+ 17. axb3 Rc5 18. Nd5 1-0

[Event "Ribeira Valley op 9th"]
[Site "Registro"]
[Date "2013.07.30"]
[Round "2"]
[White "Massarioli, Felipe Alvarenga"]
[Black "Barbosa, Evandro Amorim"]
[Result "0-1"]
[WhiteElo "2028"]
[BlackElo "2441"]
[PlyCount "114"]
[EventDate "2013.07.30"]
[EventType "swiss"]
[EventRounds "9"]
[EventCountry "BRA"]
[SourceTitle "CBM 155 Extra"]
[Source "ChessBase"]
[SourceDate "2013.08.26"]
[SourceVersion "1"]
[SourceVersionDate "2013.08.26"]
[SourceQuality "1"]

1. d4 Nf6 2. c4 g6 3. Nf3 Bg7 4. g3 d5 5. Bg2 dxc4 6. Nc3 O-O 7. O-O Nfd7 8.
Bf4 Nb6 9. h3 Nc6 10. Qd2 e5 11. dxe5 Qxd2 12. Nxd2 Nxe5 13. Nb5 c6 14. Nd6 Rd8
15. Bxe5 Bxe5 16. N6xc4 Bxb2 17. Rab1 Bg7 18. Rfc1 Be6 19. a4 Rd4 20. e3 Rxc4
21. Nxc4 Nxc4 22. Rxb7 Na5 23. Rb4 Rc8 24. g4 Bf8 25. Rbb1 Ba2 26. Ra1 Nb3 27.
Rxa2 Nxc1 28. Rc2 Nd3 29. Rxc6 Rd8 30. Rc7 a5 31. Bc6 Bb4 32. Rd7 Rxd7 33. Bxd7
Kf8 34. Kg2 Ke7 35. Bb5 Ne1+ 36. Kg3 Bd6+ 37. f4 Nc2 38. e4 f6 39. h4 Nd4 40.
Bd3 Ne6 41. e5 fxe5 42. fxe5 Bxe5+ 43. Kf3 Nc5 44. Be2 Kf6 45. h5 Kg5 46. hxg6
hxg6 47. Bd1 Bd4 48. Bc2 Kf6 49. Bd1 g5 50. Bc2 Ke5 51. Bd1 Bg1 52. Kg2 Be3 53.
Kf3 Kd4 54. Be2 Bf4 55. Bd1 Kc4 56. Ke2 Kb4 57. Bc2 Nxa4 0-1

[Event "Ribeira Valley op 9th"]
[Site "Registro"]
[Date "2013.07.31"]
[Round "3"]
[White "Barbosa, Evandro Amorim"]
[Black "Gauche, Charles"]
[Result "1-0"]
[WhiteElo "2441"]
[BlackElo "2218"]
[PlyCount "60"]
[EventDate "2013.07.30"]
[EventType "swiss"]
[EventRounds "9"]
[EventCountry "BRA"]
[SourceTitle "CBM 155 Extra"]
[Source "ChessBase"]
[SourceDate "2013.08.26"]
[SourceVersion "1"]
[SourceVersionDate "2013.08.26"]
[SourceQuality "1"]

1. e4 e6 2. d4 d5 3. Nc3 Bb4 4. a3 Bf8 5. Nf3 Nf6 6. e5 Nfd7 7. Bf4 c5 8. dxc5
Bxc5 9. Bd3 Nc6 10. Qe2 Be7 11. h4 Nc5 12. Rh3 Nxd3+ 13. Qxd3 Qb6 14. b4 Bd7
15. Rg3 g6 16. Be3 Qc7 17. Nb5 Qb8 18. Qc3 O-O 19. h5 Rc8 20. Bc5 Nxb4 21. Nd6
Na6 22. Nxc8 Qxc8 23. Bd4 Qxc3+ 24. Bxc3 Rc8 25. Nd2 Ba4 26. Nb3 b6 27. Rh3
gxh5 28. Rd1 Nc5 29. Bb4 a5 30. Bxc5 bxc5 1-0

[Event "Ribeira Valley op 9th"]
[Site "Registro"]
[Date "2013.08.01"]
[Round "6"]
[White "Barbosa, Evandro Amorim"]
[Black "Sztokbant, Bernardo Vainzoff"]
[Result "1-0"]
[WhiteElo "2441"]
[BlackElo "2209"]
[PlyCount "70"]
[EventDate "2013.07.30"]
[EventType "swiss"]
[EventRounds "9"]
[EventCountry "BRA"]
[SourceTitle "CBM 155 Extra"]
[Source "ChessBase"]
[SourceDate "2013.08.26"]
[SourceVersion "1"]
[SourceVersionDate "2013.08.26"]
[SourceQuality "1"]

1. e4 e5 2. Nf3 Nc6 3. Bb5 a6 4. Ba4 Nf6 5. O-O Be7 6. Re1 b5 7. Bb3 O-O 8. h3
d6 9. c3 Na5 10. Bc2 c5 11. d4 Qc7 12. d5 c4 13. b4 cxb3 14. axb3 h6 15. Bd3
Bd7 16. Re2 Nb7 17. b4 a5 18. Rea2 Rfb8 19. Qe2 a4 20. Na3 Nd8 21. Bd2 Qb7 22.
Ne1 Ne8 23. c4 bxc4 24. Nxc4 Bg5 25. Bc3 Rc8 26. Nc2 Be7 27. N2a3 Nc7 28. Bd2
Nb5 29. Nxb5 Bxb5 30. Na5 Bxd3 31. Qxd3 Qb6 32. Rxa4 Bg5 33. Bc3 Qc7 34. R4a3
g6 35. Rb3 Qb6 1-0

[Event "Ribeira Valley op 9th"]
[Site "Registro"]
[Date "2013.08.03"]
[Round "9"]
[White "Barbosa, Evandro Amorim"]
[Black "Umetsubo, Cesar Hidemitsu"]
[Result "1-0"]
[WhiteElo "2441"]
[BlackElo "2298"]
[PlyCount "63"]
[EventDate "2013.07.30"]
[EventType "swiss"]
[EventRounds "9"]
[EventCountry "BRA"]
[SourceTitle "CBM 155 Extra"]
[Source "ChessBase"]
[SourceDate "2013.08.26"]
[SourceVersion "1"]
[SourceVersionDate "2013.08.26"]
[SourceQuality "1"]

1. d4 d5 2. c4 e6 3. Nc3 Be7 4. Nf3 Nf6 5. Bg5 h6 6. Bh4 O-O 7. e3 Ne4 8. Bxe7
Qxe7 9. Rc1 c6 10. h4 Nd7 11. g4 e5 12. cxd5 Nxc3 13. Rxc3 cxd5 14. g5 h5 15.
Bb5 exd4 16. Qxd4 Nb6 17. O-O Bf5 18. Rfc1 Rfc8 19. Qf4 Qe4 20. Qxe4 dxe4 21.
Nd4 Bg4 22. Kh2 a6 23. Bc4 Kf8 24. Bb3 Rxc3 25. Rxc3 Rc8 26. Rxc8+ Nxc8 27. Bd5
Nd6 28. Kg3 f6 29. gxf6 gxf6 30. Kf4 f5 31. Be6 b5 32. Nxf5 1-0

[Event "Mercosur Cup 17th"]
[Site "Villa Martelli"]
[Date "2013.09.16"]
[Round "2"]
[White "Obregon, Carlos Andres"]
[Black "Barbosa, Evandro Amorim"]
[Result "0-1"]
[WhiteElo "2511"]
[BlackElo "2454"]
[PlyCount "76"]
[EventDate "2013.09.15"]
[EventType "tourn"]
[EventRounds "9"]
[EventCountry "ARG"]
[EventCategory "9"]
[SourceTitle "CBM 156 Extra"]
[Source "ChessBase"]
[SourceDate "2013.10.22"]
[SourceVersion "1"]
[SourceVersionDate "2013.10.22"]
[SourceQuality "1"]

1. c4 c5 2. Nc3 Nc6 3. g3 g6 4. Bg2 Bg7 5. Nf3 e5 6. O-O d6 7. a3 Nge7 8. d3 a5
9. Rb1 O-O 10. Bg5 f6 11. Be3 Be6 12. Ne1 b6 13. Nd5 Rb8 14. Nxe7+ Nxe7 15. b4
axb4 16. axb4 Qd7 17. Nc2 Bh3 18. Bd2 Bxg2 19. Kxg2 f5 20. Bg5 Nc6 21. b5 Nd4
22. Nxd4 exd4 23. Bd2 Rbe8 24. Re1 Be5 25. Ra1 f4 26. Ra6 fxg3 27. fxg3 Rf5 28.
e4 dxe3 29. Rxe3 Ref8 30. Be1 Bd4 31. Re4 Rf1 32. Rxd4 cxd4 33. Qe2 Qb7+ 34.
Kh3 Qf7 35. Bb4 Rf2 36. Qg4 h5 37. Qxd4 Qe6+ 38. g4 R2f3+ 0-1

[Event "Mercosur Cup 17th"]
[Site "Villa Martelli"]
[Date "2013.09.17"]
[Round "3"]
[White "Barbosa, Evandro Amorim"]
[Black "Slipak, Sergio"]
[Result "1-0"]
[WhiteElo "2454"]
[BlackElo "2444"]
[PlyCount "57"]
[EventDate "2013.09.15"]
[EventType "tourn"]
[EventRounds "9"]
[EventCountry "ARG"]
[EventCategory "9"]
[SourceTitle "CBM 156 Extra"]
[Source "ChessBase"]
[SourceDate "2013.10.22"]
[SourceVersion "1"]
[SourceVersionDate "2013.10.22"]
[SourceQuality "1"]

1. e4 e5 2. Nf3 Nc6 3. Bb5 a6 4. Ba4 Nge7 5. c3 g6 6. d4 exd4 7. cxd4 b5 8. Bb3
Bg7 9. d5 Na5 10. Bd2 Nxb3 11. Qxb3 d6 12. Bc3 f6 13. O-O O-O 14. Nbd2 Kh8 15.
Ba5 Qd7 16. Nd4 c5 17. Ne6 Rf7 18. a4 Bh6 19. Qd3 Rb8 20. axb5 Qxb5 21. Nc4 Nc6
22. Rfd1 Ne5 23. Nxd6 Nxd3 24. Nxf7+ Kg8 25. Nxh6+ Kh8 26. Bd8 Qxb2 27. Ra2 Qe5
28. Nf7+ Kg8 29. Nxe5 1-0

[Event "Mercosur Cup 17th"]
[Site "Villa Martelli"]
[Date "2013.09.18"]
[Round "4"]
[White "Rodriguez Vila, Andres"]
[Black "Barbosa, Evandro Amorim"]
[Result "0-1"]
[WhiteElo "2421"]
[BlackElo "2454"]
[PlyCount "124"]
[EventDate "2013.09.15"]
[EventType "tourn"]
[EventRounds "9"]
[EventCountry "ARG"]
[EventCategory "9"]
[SourceTitle "CBM 156 Extra"]
[Source "ChessBase"]
[SourceDate "2013.10.22"]
[SourceVersion "1"]
[SourceVersionDate "2013.10.22"]
[SourceQuality "1"]

1. d4 Nf6 2. Nf3 g6 3. b3 c5 4. e3 Bg7 5. Be2 O-O 6. O-O cxd4 7. exd4 d5 8. Bb2
Nc6 9. Nbd2 Bf5 10. a3 Rc8 11. Re1 Ne4 12. Nf1 Qb6 13. Ne3 Rfd8 14. Nxf5 gxf5
15. Qd3 e6 16. Bf1 Rc7 17. Qb5 Qxb5 18. Bxb5 Rdc8 19. Bd3 a6 20. h3 Nd6 21.
Rad1 Nb5 22. Bxb5 axb5 23. Re2 Nb8 24. Ne1 Nd7 25. f3 h5 26. Bc1 Rc6 27. g3 Nf6
28. Rg2 Bf8 29. Bg5 Kg7 30. Ra1 Kg6 31. Bc1 Bd6 32. Ra2 Ra6 33. Nd3 Rca8 34. h4
Bxa3 35. Nf4+ Kg7 36. Bxa3 Rxa3 37. Rxa3 Rxa3 38. Kf2 Ra1 39. Rg1 Ra2 40. Rc1
Kf8 41. Ke3 Ke7 42. Kd2 Ra8 43. Kc3 Rg8 44. Rg1 Rc8+ 45. Kb2 Ra8 46. Ra1 Rxa1
47. Kxa1 Kd7 48. Kb2 Kc6 49. Kc3 Kc7 50. Kb4 Kb6 51. c3 Kc6 52. Ka5 e5 53. dxe5
Nd7 54. Nxh5 Kc5 55. c4 dxc4 56. bxc4 Kxc4 57. Nf4 b4 58. e6 b6+ 59. Ka6 fxe6
60. Nxe6 b3 61. Nc7 b2 62. Nb5 Kb4 0-1

[Event "Mercosur Cup 17th"]
[Site "Villa Martelli"]
[Date "2013.09.19"]
[Round "5"]
[White "Barbosa, Evandro Amorim"]
[Black "Tristan, Leonardo"]
[Result "1/2-1/2"]
[WhiteElo "2454"]
[BlackElo "2457"]
[PlyCount "120"]
[EventDate "2013.09.15"]
[EventType "tourn"]
[EventRounds "9"]
[EventCountry "ARG"]
[EventCategory "9"]
[SourceTitle "CBM 156 Extra"]
[Source "ChessBase"]
[SourceDate "2013.10.22"]
[SourceVersion "1"]
[SourceVersionDate "2013.10.22"]
[SourceQuality "1"]

1. e4 e5 2. Nf3 Nc6 3. Bb5 a6 4. Ba4 Nf6 5. O-O b5 6. Bb3 Be7 7. Re1 d6 8. c3
O-O 9. h3 Na5 10. Bc2 d5 11. d4 Nxe4 12. Nxe5 f6 13. Nd3 Bd6 14. Nd2 f5 15. Nf3
Nc4 16. a4 Rb8 17. axb5 axb5 18. Nde5 Bb7 19. Bd3 c5 20. Bf1 Qc7 21. Nd3 cxd4
22. Nxd4 Qb6 23. Qb3 Ba8 24. Bf4 Bxf4 25. Nxf4 g5 26. Nd3 g4 27. Nf4 Ncd2 28.
Qb4 gxh3 29. Nxh3 f4 30. f3 Qg6 31. Re2 Nc4 32. fxe4 f3 33. Rf2 dxe4 34. Bxc4+
bxc4 35. Qxc4+ Kh8 36. Ne6 e3 37. Qd4+ Rf6 38. Qxe3 Rxe6 39. Qd4+ Qf6 40. Qxf6+
Rxf6 41. gxf3 Bxf3 42. Kh2 Rbf8 43. Raf1 Rf5 44. b4 Kg7 45. b5 Kg6 46. c4 Kh5
47. b6 Kg4 48. Rg1+ Kh4 49. Rg7 h5 50. b7 Bxb7 51. Rxf5 Rxf5 52. Rxb7 Rf8 53.
Ng1 Rf2+ 54. Kh1 Rc2 55. Rc7 Kg3 56. Rg7+ Kf4 57. Rf7+ Kg3 58. Rg7+ Kf4 59.
Rf7+ Kg3 60. Rf3+ Kg4 1/2-1/2

[Event "Mercosur Cup 17th"]
[Site "Villa Martelli"]
[Date "2013.09.20"]
[Round "6"]
[White "Barbosa, Evandro Amorim"]
[Black "Bachmann, Axel"]
[Result "0-1"]
[WhiteElo "2454"]
[BlackElo "2543"]
[PlyCount "68"]
[EventDate "2013.09.15"]
[EventType "tourn"]
[EventRounds "9"]
[EventCountry "ARG"]
[EventCategory "9"]
[SourceTitle "CBM 156 Extra"]
[Source "ChessBase"]
[SourceDate "2013.10.22"]
[SourceVersion "1"]
[SourceVersionDate "2013.10.22"]
[SourceQuality "1"]

1. e4 e5 2. Nf3 Nc6 3. Bb5 a6 4. Ba4 Nf6 5. O-O Be7 6. Re1 b5 7. Bb3 O-O 8. h3
Bb7 9. d3 d5 10. exd5 Nxd5 11. Nxe5 Nxe5 12. Rxe5 Qd6 13. Re1 Rae8 14. Nd2 c5
15. Ne4 Qc6 16. c4 Nb6 17. cxb5 axb5 18. a4 c4 19. axb5 Qg6 20. Ba2 cxd3 21.
Ng3 Bd6 22. Bd2 Rxe1+ 23. Qxe1 h5 24. Qe3 Bxg3 25. fxg3 Ra8 26. Qe1 Nd7 27. Qe7
Kh7 28. Kh2 Qf5 29. Qe3 Nf6 30. Bc3 Re8 31. Qf4 Qxf4 32. gxf4 Ra8 33. b3 Ne4
34. Bd4 d2 0-1

[Event "Mercosur Cup 17th"]
[Site "Villa Martelli"]
[Date "2013.09.22"]
[Round "7"]
[White "Pichot, Alan"]
[Black "Barbosa, Evandro Amorim"]
[Result "1/2-1/2"]
[WhiteElo "2412"]
[BlackElo "2454"]
[PlyCount "56"]
[EventDate "2013.09.15"]
[EventType "tourn"]
[EventRounds "9"]
[EventCountry "ARG"]
[EventCategory "9"]
[SourceTitle "CBM 156 Extra"]
[Source "ChessBase"]
[SourceDate "2013.10.22"]
[SourceVersion "1"]
[SourceVersionDate "2013.10.22"]
[SourceQuality "1"]

1. e4 c5 2. Nf3 e6 3. d4 cxd4 4. Nxd4 Nc6 5. Nxc6 bxc6 6. Bd3 Nf6 7. O-O d5 8.
Nd2 Be7 9. b3 O-O 10. Bb2 a5 11. c4 a4 12. bxa4 Ba6 13. Qc2 h6 14. Rfe1 Qb6 15.
Nb3 Qb4 16. cxd5 Bxd3 17. Qxd3 cxd5 18. exd5 Rfd8 19. a5 Rxd5 20. Qf3 Rc8 21.
Rac1 Rcd8 22. Qe2 Qa4 23. Rc7 Bd6 24. Bxf6 Bxc7 25. Bxd8 Bxd8 26. Rb1 Bxa5 27.
Nxa5 Rxa5 28. Qd3 Ra8 1/2-1/2

[Event "Mercosur Cup 17th"]
[Site "Villa Martelli"]
[Date "2013.09.23"]
[Round "8"]
[White "Barbosa, Evandro Amorim"]
[Black "Molina, Roberto Junio Brito"]
[Result "1-0"]
[WhiteElo "2454"]
[BlackElo "2421"]
[PlyCount "103"]
[EventDate "2013.09.15"]
[EventType "tourn"]
[EventRounds "9"]
[EventCountry "ARG"]
[EventCategory "9"]
[SourceTitle "CBM 156 Extra"]
[Source "ChessBase"]
[SourceDate "2013.10.22"]
[SourceVersion "1"]
[SourceVersionDate "2013.10.22"]
[SourceQuality "1"]

1. e4 e5 2. Nf3 Nc6 3. d4 exd4 4. Nxd4 Nf6 5. Nxc6 bxc6 6. e5 Qe7 7. Qe2 Nd5 8.
Nd2 g6 9. c4 Ba6 10. Ne4 Bg7 11. Bg5 Qxe5 12. Nc5 Qxe2+ 13. Bxe2 Nb4 14. O-O d6
15. a3 dxc5 16. axb4 Bc8 17. Bf3 O-O 18. Bxc6 Be6 19. Bxa8 Rxa8 20. bxc5 Bxb2
21. Rab1 Bd4 22. Be3 Bxe3 23. fxe3 Bxc4 24. Rfd1 c6 25. Rb7 Bd5 26. Rd4 a5 27.
e4 Be6 28. Ra4 Kg7 29. Rb6 Ra7 30. Kf2 Bd7 31. Rb3 Kf6 32. Rba3 Rb7 33. Rxa5
Ke5 34. Ra7 Rb2+ 35. Kf3 Be6 36. Rc7 g5 37. Rxc6 h5 38. Rc3 Bg4+ 39. Kg3 Bd7
40. Rd6 Be6 41. h3 Rb7 42. Kf3 Rc7 43. Rd8 f5 44. exf5 Kxf5 45. Ke3 Ke5 46. c6
Kf6 47. Kd4 g4 48. Kc5 gxh3 49. gxh3 Rg7 50. Kb6 Rg1 51. c7 Rb1+ 52. Kc6 1-0

[Event "Mogi das Cruzes op 09"]
[Site "Mogi das Cruzes"]
[Date "2013.09.26"]
[Round "1"]
[White "Chih, Lee Hung"]
[Black "Barbosa, Evandro Amorim"]
[Result "0-1"]
[WhiteElo "1997"]
[BlackElo "2454"]
[PlyCount "68"]
[EventDate "2013.09.26"]
[EventType "swiss"]
[EventRounds "7"]
[EventCountry "BRA"]
[SourceTitle "CBM 156 Extra"]
[Source "ChessBase"]
[SourceDate "2013.10.22"]
[SourceVersion "1"]
[SourceVersionDate "2013.10.22"]
[SourceQuality "1"]

1. e4 c5 2. Nc3 Nc6 3. f4 g6 4. Nf3 Bg7 5. Be2 d6 6. O-O Nf6 7. d3 Nd4 8. Nxd4
cxd4 9. Nb5 Qb6 10. Na3 O-O 11. Kh1 d5 12. e5 Nd7 13. Qe1 f6 14. Bf3 e6 15.
exf6 Nxf6 16. Rb1 Bd7 17. Bd2 Rac8 18. Qg3 Rf7 19. c4 Kh8 20. Rfe1 Rcf8 21. Re2
a6 22. Qh4 Rc8 23. b3 Qd6 24. Nc2 b5 25. Bb4 Qb8 26. c5 Ng8 27. f5 Rxf5 28. Bg4
Rf6 29. g3 Nh6 30. Nxd4 Nxg4 31. Qxg4 Qb7 32. Re5 Re8 33. Rbe1 Rf7 34. Kg1 Qc7
0-1